| 000 | 00337nam a22001217a 4500 | ||
|---|---|---|---|
| 008 | 240801b |||||||| |||| 00| 0 eng d | ||
| 040 |
_aNational Science Library _cNational Science Library |
||
| 245 | _aIndian gazetters | ||
| 260 |
_aDelhi: _bManager of Publications, _c1967 |
||
| 300 | _a76p. | ||
| 650 | _aGazetters | ||
| 942 |
_2udc _cREF |
||
| 999 |
_c65631 _d65631 |
||